Autohesion to rubber and compounds-measuring and influencing variables (Record no. 54605)

MARC details
000 -LEADER
fixed length control field 00511nam a2200181Ia 4500
100 ## - MAIN ENTRY--AUTHOR NAME
Personal name Giese U
245 #0 - TITLE STATEMENT
Title Autohesion to rubber and compounds-measuring and influencing variables
260 ## - PUBLICATION, DISTRIBUTION, ETC. (IMPRINT)
Name of publisher Kautschuk Gummi Kunststoffe
Year of publication 2001
300 ## - PHYSICAL DESCRIPTION
Number of Pages 660-667
650 ## - SUBJECT ADDED ENTRY--TOPICAL TERM
Topical Term ATR-FT-IT spectroscopy
650 ## - SUBJECT ADDED ENTRY--TOPICAL TERM
Topical Term Autohesion
650 ## - SUBJECT ADDED ENTRY--TOPICAL TERM
Topical Term Environmental parameters
650 ## - SUBJECT ADDED ENTRY--TOPICAL TERM
Topical Term Surface composition
650 ## - SUBJECT ADDED ENTRY--TOPICAL TERM
Topical Term Tacktester
700 ## - ADDED ENTRY--PERSONAL NAME
Personal name Schuster R H
942 ## - ADDED ENTRY ELEMENTS (KOHA)
Koha item type Journals
Holdings
Withdrawn status Lost status Damaged status Not for loan Home library Current library Shelving location Date acquired Serial Enumeration / chronology Koha item type
      Journals RRII Library RRII Library Rubber chemistry 31/01/2002 Volume 54, Issue 12 Journals